| 000 | 00451nam a2200157Ia 4500 | ||
|---|---|---|---|
| 008 | 230312s9999||||xx |||||||||||||| ||und|| | ||
| 020 | _a8172243731 | ||
| 082 |
_a302.2 _bKUM |
||
| 100 | _aKumar, Keval J. | ||
| 245 | 0 | _aMass communication in india | |
| 260 |
_bJaico publication _aMumbai _c2005 |
||
| 300 | _a407 | ||
| 546 | _aEng. | ||
| 650 |
_aMass com _vMedia history, practice, and values, Communication theory, Communication Channal |
||
| 942 | _cBK | ||
| 999 |
_c2788 _d2788 |
||